00580nam a2200217Ia 4500008004100000020001800041050001700059050001400076100002300090245001700113245004600130245002100176260001300197260002200210260000900232300001700241300001200258500005100270650001600321650002500337180523s9999 xx 000 0 und d a0-395-65634-6 aMAIN HD 57.7 b.D83 1995 aDuBrin, Andrew J.  0aLeadership : 0bresearch findings, practice, and skills / 0cAndrew J. DuBrin aBoston : bHoughton Mifflin, c1995 a389 pages :  c24 cm.  aIncludes bibliographical references and index. aLeadership. xEmployee motivation.